Miasta Polski w losowych kwadratach na mapie - Statystyki

Ogólne statystyki
  • Ten quiz został rozwiązany 264 razy
    198 od ostatniego zresetowania
  • Średni wynik to 11 z 20
Odpowiedzi na mapie
Odpowiedzi zakodowano w zielono-czerwonej skali na mapie do tego quizu, zgodnie z poniższymi procentami.
 
Statystyki odpowiedzi
Kwadrat % Poprawnych
A5
100%
B6
100%
D1
100%
J10
100%
J7
100%
C11
92%
L8
90%
C1
89%
E9
88%
G8
86%
K9
86%
C9
83%
F4
83%
B4
82%
K12
82%
H8
81%
B12
80%
B2
80%
I9
80%
H3
78%
I2
78%
C7
75%
E5
75%
G2
75%
A4
73%
G9
73%
K7
73%
B7
71%
F8
71%
H4
71%
K4
71%
L7
71%
B3
70%
G1
70%
H7
70%
I7
70%
K11
70%
L9
69%
C3
67%
C8
67%
D5
67%
E4
67%
G12
67%
H10
67%
H11
67%
H6
67%
I3
67%
J4
67%
J5
67%
B8
64%
D4
64%
G6
64%
A3
63%
D11
60%
G11
60%
I11
60%
E12
58%
F5
58%
H5
58%
G5
57%
I10
57%
C10
56%
F9
56%
B5
55%
F10
55%
G7
55%
J6
55%
L10
55%
G4
54%
K8
54%
J12
53%
B10
50%
D6
50%
E1
50%
E10
50%
E11
50%
E2
50%
E6
50%
G3
50%
I12
50%
I13
50%
I5
50%
J8
50%
K5
50%
K6
50%
L11
50%
F2
46%
L6
46%
C4
45%
I4
45%
B9
44%
D7
44%
D9
44%
F1
44%
F6
44%
I8
44%
D8
43%
K10
43%
D10
42%
E8
42%
G10
42%
B11
40%
H13
40%
J11
40%
C6
38%
E7
38%
F3
38%
C5
36%
H1
36%
H12
36%
C12
33%
D12
33%
F11
33%
G13
31%
F7
30%
I6
30%
J3
30%
E3
29%
H9
29%
J13
29%
A6
27%
D13
27%
D2
27%
H2
27%
D3
25%
J9
25%
C2
22%
F12
11%
E13
10%
Nie znaleziono quizów pasujących do podanych kryteriów
Rozkład punktacji
Procent ludzi z każdym wynikiem
Percentyl według liczby udzielonych odpowiedzi
Twoja historia wyników
Nie rozwiązałeś tego quizu od ostatniego zresetowania